LEADER 01216nam--2200397---450- 001 990000435070203316 005 20050622091556.0 010 $a84-85887-64-6 035 $a0043507 035 $aUSA010043507 035 $a(ALEPH)000043507USA01 035 $a0043507 100 $a20010509d1985----km-y0itay0103----ba 101 $aspa 102 $aSP 105 $a||||||||001yy 200 1 $a<> pozo de la angustia$fJosé Bergamin$gprólogo de Carlos Gurméndez 210 $aBarcelona$cAnthropos$d1985 215 $a91 p.$c1 ritr.$d20 cm 225 2 $aMemoria rota$iExilios y heterodoxias$v0002 410 $12001$aMemoria rota$iExilios y heterodoxias$v0002 461 1$1001-------$12001 676 $a864.64 700 1$aBERGAMIN,$bJosé$0385306 702 1$aGURMÉNDEZ,$bCarlos 801 0$aIT$bsalbc$gISBD 912 $a990000435070203316 951 $aVI.5.A. 534(II sp B 4 Coll. 1/1)$b101198 LM$cII sp B 4 Coll. 959 $aBK 969 $aUMA 979 $aPATTY$b90$c20010509$lUSA01$h1142 979 $c20020403$lUSA01$h1651 979 $aPATRY$b90$c20040406$lUSA01$h1630 979 $aCOPAT7$b90$c20050622$lUSA01$h0915 996 $aPozo de la angustia$9874019 997 $aUNISA